00643nam a2200205Ia 4500003000400000005001700004008004100021020001800062040001800080041000800098082002200106100001900128245010700147250001200254260004700266300002200313650004700335650002000382650003500402OSt20241112114913.0210716s2012 xx 000 0 und d a9781422183212 cAIMIT LIBRARY aeng a001.072 21bLORJ aLorsch, Jay W. aFuture of boards : bmeeting the governance challenges of the twenty first century /cBy Jay W Lorsch. a1st ed. aBoston :bHarvard Business Review ,c2012. a193p.;bHBc25 cm aFocusing on strategy to govern effectively aThe pay problem aRecognizing negative boardroom